[Event "Mombasa op"]
[Site "Shanzu"]
[Date "2022.10.08"]
[Round "1"]
[White "Panchol, James Madol"]
[Black "Isaiah, Otieno Oluoch"]
[Result "1-0"]
[WhiteElo "1972"]
[BlackElo "1469"]
[PlyCount "89"]
[EventDate "2022.10.08"]
[EventType "swiss"]
[EventRounds "6"]
[EventCountry "KEN"]
[SourceTitle "EXT 2024"]
[Source "ChessBase"]
[SourceDate "2023.10.10"]
[SourceVersion "1"]
[SourceVersionDate "2023.10.10"]
[SourceQuality "1"]

1. e4 c5 2. c4 d6 3. Nc3 Nf6 4. Nf3 e6 5. d4 cxd4 6. Nxd4 Nc6 7. Be3 Be7 8. Be2 0-0 9. 0-0 a6 10. Qd2 Qc7 11. Rac1 b6 12. Nxc6 Qxc6 13. Bf3 e5 14. Nd5 Nxd5 15. cxd5 Qb7 16. Rc6 b5 17. Rfc1 Qd7 18. h3 Qe8 19. Bg5 f6 20. Bh4 g5 21. Bg3 f5 22. exf5 Bxf5 23. Qe2 Qf7 24. Rc7 Rac8 25. Bg4 Rxc7 26. Rxc7 Re8 27. Bxf5 Qxf5 28. Qh5 Qf7 29. Qxf7+ Kxf7 30. Ra7 Rc8 31. Bxe5 dxe5 32. d6 Re8 33. dxe7 Rxe7 34. Rxa6 Re6 35. Rxe6 Kxe6 36. Kf1 Kd5 37. Ke2 Ke4 38. a3 Kd4 39. Kd2 Kc4 40. Kc2 h5 41. b3+ Kd4 42. a4 b4 43. Kd2 h4 44. Ke2 e4 45. Kd2 1-0

[Event "KEN-ch"]
[Site "Nairobi"]
[Date "2021.12.27"]
[Round "4"]
[White "Isaiah, Otieno Oluoch"]
[Black "Hongo, Victor Machel"]
[Result "0-1"]
[WhiteElo "1338"]
[BlackElo "1709"]
[PlyCount "170"]
[EventDate "2021.12.26"]
[EventType "swiss"]
[EventRounds "9"]
[EventCountry "KEN"]
[SourceTitle "EXT 2023"]
[Source "ChessBase"]
[SourceDate "2022.10.05"]
[SourceVersion "1"]
[SourceVersionDate "2022.10.05"]
[SourceQuality "1"]

1. e4 d5 2. exd5 Qxd5 3. d4 Nc6 4. Nf3 Bg4 5. c4 Qe4+ 6. Be3 Bxf3 7. gxf3 Qh4 8. d5 0-0-0 9. Qb3 Nd4 10. Qd1 e5 11. a3 Nh6 12. Bxd4 exd4 13. Nd2 Re8+ 14. Ne4 f5 15. Qxd4 fxe4 16. 0-0-0 Kb8 17. Re1 Qf4+ 18. Qe3 Qxe3+ 19. Rxe3 Bc5 20. Rxe4 Rxe4 21. fxe4 Bxf2 22. e5 Ng4 23. e6 Be3+ 24. Kc2 Bg5 25. Be2 Ne3+ 26. Kd3 Kc8 27. h4 Bh6 28. Rh3 Nf5 29. Bg4 g6 30. c5 Kd8 31. h5 Ke7 32. Rf3 Rf8 33. hxg6 hxg6 34. Rh3 Rh8 35. b4 c6 36. dxc6 bxc6 37. Bf3 Rd8+ 38. Kc4 Rd4+ 39. Kc3 Bg7 40. Kc2 Rf4 41. Kd3 Nd4 42. Be4 Kxe6 43. Rh7 Rf7 44. Bxg6 Rd7 45. Kc4 Nf3 46. Kb3 Kf6 47. Be8 Re7 48. Rh3 Ng5 49. Rd3 Rxe8 50. Rd6+ Re6 51. Rd7 Re7 52. Rd6+ Ne6 53. Rxc6 Ke5 54. Rd6 Bf8 55. Kc4 Rc7 56. Rd5+ Ke4 57. a4 a6 58. Rh5 a5 59. Rh4+ Nf4 60. Rh8 Be7 61. Re8 Ne6 62. Rb8 axb4 63. Kxb4 Bxc5+ 64. Kb3 Nd4+ 65. Ka2 Ra7 66. Re8+ Kd3 67. Rc8 Rxa4+ 68. Kb1 Nb3 69. Kb2 Kc4 70. Rg8 Bd4+ 71. Kc2 Ra2+ 72. Kd1 Kd3 73. Ke1 Be3 74. Rd8+ Nd4 75. Kf1 Rf2+ 76. Ke1 Rh2 77. Kf1 Ke4 78. Re8+ Kf3 79. Rf8+ Bf4 80. Rg8 Ne2 81. Rg1 Nxg1 82. Ke1 Nh3 83. Kd1 Ke3 84. Kc1 Kd3+ 85. Kb1 Kc3 0-1